000 00814nam a2200253Ia 4500
003 OSt
005 20220925223707.0
006 a|||||r|||| 00| 0
007 ta
008 220923b |||||||| |||| 00| 0 eng d
020 _a9780415477505
_c5473.5
037 _b102/2011-12, 22/07/2011, PIONEER BOOK DISTRIBUTORS
_cGeneral Book
040 _aRTL
_cRTL
_beng
041 _2eng
_aeng
082 _aU287, Q1
100 _aPELLING Mark
_9280165
245 0 _aAdaptation to climate change
_b from resilience to transformation
260 _aLondon
_bRoutledge
_c2011
300 _axiv, 203p
_ccm.
500 _aBibliography: P 177-94
650 _aGeography
942 _hU287, Q1
_cGB
_2CC
999 _c580235
_d580235